Historiske personer fra oldtiden og antikken (Bilder) - Statistics

General Stats
  • This quiz has been taken 48 times
  • The average score is 9 of 15
Answer Stats
Picture Hint Answer % Correct
Romersk hærfører som erobret Gallia, ble diktator, myrdet Julius Caesar
88%
Eleven til den forrige, medgrunnlegger av vestlig filosofi Aristoteles
84%
Skrev de greske eposene "Iliaden" og "Odysseen" Homer
84%
Eleven til den forrige, medgrunnlegger av vestlig filosofi Platon
84%
Grunnla vestlig filosofi Sokrates
84%
Gresk dronning av Egypt, hadde et forhold til den forrige Kleopatra
75%
Stor gresk konge som erobret Perserriket (inkl. Egypt og Midtøsten) Alexander den store
72%
Grunnla det romerske keiserriket, erobret også Egypt Augustus
72%
Den første kristne romerske keiseren Konstantin den store
72%
Historieskrivingens far Herodot
56%
Den første naturfilosofen Thales
38%
Den mest kjente romerske filosofen, var også konsul et år Cicero
31%
Babylonias konge, kjent for sin lov Hammurabi
25%
Athens store strateg (general) Perikles
22%
Den første store keiseren i Mesopotamia Sargon av Akkad
13%
No matching quizzes found
Score Distribution
Percent of People with Each Score
Percentile by Number Answered
Your Score History
You have not taken this quiz